Erb mesta Dunajskej Stredy : heraldická a historická štúdia /

Uložené v:
Podrobná bibliografia
Hlavný autor: Püspöki Nagy, Péter, 1944- (Author)
Médium: Kniha
Jazyk:Slovak
Vydané: Dunajská Streda : Mestský národný výbor, 1970.
Fyzický popis: 61 strán.
Tagy: Pridať tag
Žiadne tagy, Buďte prvý kto otaguje tento záznam!

MARC

LEADER 00000nam a22000002i 4500
001 000661921
005 20210413103813.0
008 210413s1970 xo e 000 0 slo d
020 |q (viazané) 
040 |a SVKKK  |b slo  |c SVKKK  |e rda 
100 1 |a Püspöki Nagy, Péter,  |d 1944-  |4 aut 
245 1 0 |a Erb mesta Dunajskej Stredy :  |b heraldická a historická štúdia /  |c Péter Nagy Püspöki. 
264 1 |a Dunajská Streda :  |b Mestský národný výbor,  |c 1970. 
300 |a 61 strán. 
336 |a text  |b txt  |2 rdacontent 
337 |a bez média  |b n  |2 rdamedia 
338 |a zväzok  |b nc  |2 rdacarrier 
500 |a Záznam revízie 
910 |a svkkk 
998 |a BK 
090 |g SCKHL  |k Sklad Pribinova 2. posch.  |a III.101942  |j 474728  |i 2720804490  |s Povinný výt.